000 00529nam a2200205Ia 4500
005 20250425162709.0
008 250425s9999 xx 000 0 und d
041 _aspa
043 _ait
082 _a639.8
100 _aMARTINEZ PALACIOS, CARLOS A.
245 0 _aLA NUTRICION Y LA ALIMENTACION EN LA ACUICULTURA DE AMERICA LATINA Y EL CARIBE
250 _aS.E
260 _aItalia
_bFAO
_c1993
260 _aROMA
650 _aACUACULTURA
700 _aCHAVEZ SANCHEZ, MA. CRISTINA
942 _c01
010 _a97312
999 _c234564
_d234564